000 00610nam a2200205Ia 4500
001 15131
003 GE_BSU
008 181216s||||||||xx |||||||||||||| ||und||
040 _cGE_BSU
080 _a511.3
100 _aВиноградов,И.М.
245 _aМетод тригонометрических сумм в теории чисел
245 _cРед.А.А.Карацуба
260 _aМосква
260 _bНаука
260 _c1971
300 _a157стр.20см.
653 _aМетод тригонометрических сумм в теории чисел
942 _cBK
999 _c48247
_d48247